| 000 | 00414nam a2200145 a 4500 | ||
|---|---|---|---|
| 005 | 20140412111311.0 | ||
| 008 | 110128s19uu xx 00 eng d | ||
| 020 | _a0-201-49364-0 | ||
| 050 |
_aTR(GS) 372.3 _bW56 1996 |
||
| 100 | _aWinnett, David | ||
| 245 |
_aDiscovery Science : _bExploration for early years / _cDavid Winnett. |
||
| 260 |
_aU.S.A : _bAddison Wesley, _c1996. |
||
| 300 | _a339p. | ||
| 999 |
_c103987 _d103987 |
||